Statistiques concernant Les loups au cinéma

Cliquez ici pour prendre le quiz!

Statistiques générales

  • Ce quiz a été pris 69 fois
  • Le résultat moyen est 6 sur 16

Statistiques - réponses

Film Indices Mot % Correct
5 avec les loups1990 - Kevin Costnerdanse
99%
La jeune 5 et les loups2008 - Laetitia Castafille
85%
Le grand 7 loup2013 - Benoît Poelvoordeméchant
76%
Entre 6 et loups2001 - Alexandre Arcadychiens
70%
Le 5 des loups2001 - Samuel Le Bihanpacte
67%
Le loup de 4 et 62013 - Martin ScorseseWall Street
63%
Un 5 parmi les loups1984 - Samson Jorahhomme
43%
L' 6 des loups2005 - Jean Renoempire
27%
Le 7 loup2014 - Jean Jacques Annauddernier
24%
Le 10 des loups2012 - Liam Neesonterritoire
18%
La 6 du loup1981 - Miou-Miougueule
15%
Le 5 du loup2002 - Isabelle Hupperttemps
9%
La 9 des loups1984 - Neil Jordancompagnie
7%
Le 7 des loups1961 - Jean Maraismiracle
7%
Le loup des 42013 - Christoph Schrewemers
3%
L' 5 des loups2004 - Gary Piquerenfer
1%

Distribution des résultats

Percentile by Number Answered

% des personnes avec chaque résultat

Votre développement - résultats

Vous n’avez pas pris ce quiz